Most NHL Goals All-Time - Statistics

General Stats
  • This quiz has been taken 66 times
  • The average score is 11 of 15
Answer Stats
# Goals Player % Correct
894 Wayne Gretzky
98%
853 Alex Ovechkin
94%
766 Jaromir Jagr
91%
690 Mario Lemieux
89%
801 Gordie Howe
85%
741 Brett Hull
74%
694 Mark Messier
74%
692 Steve Yzerman
72%
731 Marcel Dionne
68%
684 Teemu Selanne
66%
717 Phil Esposito
64%
708 Mike Gartner
60%
656 Brendan Shanahan
57%
668 Luc Robitaille
51%
640 Dave Andreychuk
40%
No matching quizzes found
Score Distribution
Percent of People with Each Score
Percentile by Number Answered
Your Score History
You have not taken this quiz